000
00312nam a2200133Ia 4500
005
20251222140050.0
008
251222s1900||||xx |||||||||||||| ||spa||
020
_a
8834307402
082
_a
210/G61
100
_a
Gomarasca, Paolo
245
0
_a
Il Linguaggio del Male:
264
_b
Vita & Penseiro
942
_c
LIB
999
_c
3572
_d
3572